Statistics for Countries Without Rivers

Click here to take the quiz!

General Stats

  • This quiz has been taken 17 times
  • The average score is 15 of 18

Answer Stats

ContinentCountry% Correct
AsiaBahrain
88%
AsiaKuwait
88%
EuropeMalta
88%
EuropeMonaco
88%
OceaniaNauru
88%
AsiaOman
88%
AsiaQatar
88%
EuropeVatican City
88%
AsiaYemen
88%
OceaniaKiribati
82%
AsiaSaudi Arabia
82%
OceaniaTonga
82%
OceaniaTuvalu
82%
AsiaUnited Arab Emirates
82%
AfricaDjibouti
71%
OceaniaMarshall Islands
71%
AfricaLibya
59%
AsiaMaldives
53%

Score Distribution

Percentile by Number Answered

Percent of People with Each Score

Your Score History

You have not taken this quiz